LEADER 01080nam a2200265 i 4500 001 000000007501 003 CaOOAMICUS 005 20180830125438.0 008 180830s1969 it u000 u ita u 040 $aSeMil$bita 245 10$aMedicina /$ca cura di Fritz Hartmann ; Johannes Linzbach ; Rudolf Nissen ; Hans Schaefer. 260 $aMilano :$bFeltrinelli,$c1969-1970. 300 $a3 v. ;$c18 cm. 500 $aContiene : indice dei nomi e degli argomenti. 650 4$aMedicina - Enciclopedie e dizionari.$0(OLS)http://semarc/subject/162 700 1 $aHartmann, Fritz.$0(OLS)http://semarc/name/3876 700 1 $aSchäfer, Hans.$0(OLS)http://semarc/name/3879 700 1 $aNissen, Rudolf.$0(OLS)http://semarc/name/3878 700 1 $aLinzbach, Johannes.$0(OLS)http://semarc/name/3877 773 0 $tEnciclopedia Feltrinelli Fischer.$dMilano : Feltrinelli $w()4953 774 0 $t1.$w()108725 774 0 $t2.$w()108727 774 0 $t3.$w()108729 996 $6245$aMedicina$9(OLS)http://semarc/title/10048 996 $6260$aMilano :$bFeltrinelli$9(OLS)http://semarc/publisher/30237 LEADER 01260nam a2200289 i 4500 001 000000114355 003 CaOOAMICUS 005 20030415000000.0 008 030415s2002 it u000 u ita u 013 $a87041 020 $a88-215-4495-8 040 $aSeMil$bita 100 1 $aDailliez, Laurent.$0(OLS)http://semarc/name/47815 240 14$aLes Templiers ces inconnus.$0(OLS)http://semarc/title/167128 245 12$aI Templari :$bla vera storia dei cavalieri del Tempio ricostruita dai documenti originali /$cLaurent Dailliez. 250 $a2. ed. 260 $aCinisello Balsamo :$bSan Paolo,$c2002. 300 $a325 p. ;$c22 cm. 490 0 $aVie della storia ;$v4. 650 4$aOrdine dei Templari.$0(OLS)http://semarc/subject/6025 830 0$aVie della storia ;$v4.$0(OLS)http://semarc/title/12021 850 $aSeMil 852 $aSeMil$W1$xVenegono$y1$m3A III 258$j69934$B69934$CSeMilBibl$Z2$F75035 $81 961 $aAcquisto: San Paolo (Agente) 996 $6020$a88-215-4495-8$9(OLS)http://semarc/number/97628 996 $6245$aI Templari :$bla vera storia dei cavalieri del Tempio ricostruita dai documenti originali$9(OLS)http://semarc/title/167127 996 $6260$aCinisello Balsamo :$bSan Paolo$9(OLS)http://semarc/publisher/30129